Online
Catalog
Normal view MARC view

Entry Nombre personal

Number of records used in: 7

001 - NÚMERO DE CONTROL

  • campo de control: 33370

003 - IDENTIFICADOR DEL NÚMERO DE CONTROL

  • campo de control: OSt

005 - FECHA Y HORA DE LA ÚLTIMA TRANSACCIÓN

  • campo de control: 20220505105700.0

008 - DATOS DE LONGITUD FIJA

  • campo de control de longitud fija: 200615|| aca||aabn | a|a d

040 ## - FUENTE DE LA CATALOGACIÓN

  • Centro catalogador/agencia de origen: OSt
  • Centro/agencia transcriptor: OSt

100 ## - ENCABEZAMIENTO-NOMBRE DE PERSONA

  • Nombre de persona: Díaz Melo, Ismael,
  • Fechas asociadas al nombre: 1962-

370 ## - LUGAR ASOCIADO

  • Lugar de nacimiento: Villa Sombrero, Baní (República Dominicana)

375 ## - GÉNERO/SEXO

  • Género/Sexo: Masculino

377 ## - LENGUA/LENGUAJE ASOCIADO

  • Código del idioma: spa

400 1# - TRAZADO DE VÉASE--NOMBRE DE PERSONA

  • Nombre de persona: Melo, Ismael Díaz,
  • Fechas asociadas al nombre: 1962-

670 ## - FUENTE DE DATOS ENCONTRADOS

  • Cita de la fuente: Work cat.: (OSt)14299: Díaz Melo, Ismael, 1962-, En tono sepia :, 2007.

670 ## - FUENTE DE DATOS ENCONTRADOS

  • Cita de la fuente: Díaz Melo, Ismael. Villa Sombrero, 2001

670 ## - FUENTE DE DATOS ENCONTRADOS

  • Cita de la fuente: Díaz Melo, Ismael. Bibliografía del sur dominicano, 2018

Powered by Koha